00493nam a2200181Ia 450000500170000000800410001702000150005804000190007304100120009208200160010410000210012024500530014126000340019430000140022850400400024265000190028285000100030120221116134246.0131103s9999 xx 000 0 und d a8125011366 aLoreto College aEnglish a954.03bGOU aGourgey,Percy S. 4aThe Indian Naval Revolt of 1946cPercy S.Gourgey aChennaibOrient Longmanc1996 aix,66 p.  aIncludes bibliographical references aModern History aLCLIB